000 00547nam a2200193Ia 4500
999 _c2432
_d2432
020 _a81-7029-931-4
082 _a005.133 RAY-;
100 _aRay, Deborah S.
245 0 _aMastering HTML 4.0
260 _aNew Delhi
_bBPB Publications
_c1998
300 _axxv, 1013p.
650 _aDocument markup languages
650 _aComputer science
650 _aHTML (Document markup language) - Study and teaching
650 _aWebsite development
650 _aProgramming languages (Electronic computers)
700 _aRay, Eric J
942 _cBK